| 000 | 00422pab a2200181 454500 | ||
|---|---|---|---|
| 008 | 180718b2012 xxu||||| |||| 00| 0 eng d | ||
| 100 | _aVoicu, Malina | ||
| 245 | _aTrends in gender beliefs in Romania: 1993-2008 | ||
| 260 | _c2012 | ||
| 300 | _ap.61-80. | ||
| 362 | _aJan | ||
| 650 | _aBelief | ||
| 650 | _aWomen | ||
| 700 | _aTufis, Paula Andreea | ||
| 773 | _aCurrent Sociology | ||
| 908 | _aN | ||
| 909 | _a94813 | ||
| 999 |
_c94813 _d94813 |
||